000 00714nam a2200229Ia 4500
003 OSt
005 20220923214153.0
006 a|||||r|||| 00| 0
007 ta
008 220922b |||||||| |||| 00| 0 hin d
024 _a167,604
037 _cTextual
040 _aARTS
_cARTS
_bhin
041 _2hin
_ahin
082 _aO152:1K15x, K6
100 _aघनानंद
245 0 _aकवित, संपा अशोेक शुक्ल और पूर्णाचन्द्र शर्मा
246 _aKavita, sanpā0 ashoek shukla aur pūrṇāchandra sharmā
260 _c1966
942 _hO152:1K15x, K6
_cTEXL
_2CC
999 _c322074
_d322074